Lịch sử Việt Nam từ 1975 đến nay Những vấn đề lí luận và thực tiễn của chủ nghĩa xã hội ở Việt Nam
Việt Nam sau thắng lợi của kháng chiến chống Mỹ, hoàn thành thống nhất đất nước. Thời kỳ xây dựng chủ nghĩa xã hội và bảo toàn lãnh thổ Tổ quốc (1976-1986). Việt Nam thời kỳ đổi mới từ 1986-nay
Gorde:
| Egile nagusia: | |
|---|---|
| Formatua: | Liburua |
| Hizkuntza: | Vietnamese |
| Argitaratua: |
H.
Đại học quốc gia
1997
|
| Gaiak: | |
| Etiketak: |
Etiketa erantsi
Etiketarik gabe, Izan zaitez lehena erregistro honi etiketa jartzen!
|
| Thư viện lưu trữ: | Mạng thư viện Đại học Đà Nẵng |
|---|
| LEADER | 01417nam a22003498a 4500 | ||
|---|---|---|---|
| 001 | 000015438 | ||
| 003 | 11818 | ||
| 005 | 20120528160525.0 | ||
| 008 | 120528s1997 b 000 0 od | ||
| 020 | |c 9000đ |d 2000b | ||
| 041 | 0 | |a 9711 | |
| 041 | 0 | |a vie | |
| 080 | |a 9(V)245 | ||
| 082 | |a 959.708 |b TR-Đ | ||
| 084 | |a P3(1)74 |b L000ị | ||
| 100 | 1 | |a Trần Bá Đệ | |
| 245 | 1 | 0 | |a Lịch sử Việt Nam từ 1975 đến nay |b Những vấn đề lí luận và thực tiễn của chủ nghĩa xã hội ở Việt Nam |c Trần Bá Đệ |
| 260 | |a H. |b Đại học quốc gia |c 1997 | ||
| 300 | |a 125tr |c 21cm | ||
| 520 | |a Việt Nam sau thắng lợi của kháng chiến chống Mỹ, hoàn thành thống nhất đất nước. Thời kỳ xây dựng chủ nghĩa xã hội và bảo toàn lãnh thổ Tổ quốc (1976-1986). Việt Nam thời kỳ đổi mới từ 1986-nay | ||
| 653 | |a Lịch sử hiện đại | ||
| 653 | |a Việt Nam | ||
| OWN | |a LSP | ||
| AVA | |a UDN50 |b LSP |d 959.708 TR-Đ |e available |t Error 5001 Not defined in file expand_doc_bib_avail. |f 5 |g 0 |h N |i 0 |k 1 | ||
| 999 | |a From the UDN01 | ||
| AVA | |a UDN50 |b LSP |d 959.708 TR-Đ |e available |t Error 5001 Not defined in file expand_doc_bib_avail. |f 5 |g 0 |h N |i 0 |k 1 | ||
| TYP | |a Monograph | ||
| TYP | |a Printed language | ||
| 980 | |a Mạng thư viện Đại học Đà Nẵng | ||